| 000 | 00582cam a2200229 4500 | ||
|---|---|---|---|
| 001 | B1275 | ||
| 008 | 090401t xxu||||| |||| 00| 0 eng d | ||
| 035 | _a(Sirsi) u43468 | ||
| 041 | _aeng | ||
| 050 | _a333.33016 | ||
| 110 |
_aWeatherall Green and Smith _92055 |
||
| 245 | _aQuarterly property index. - Spring - Winter 1985. | ||
| 260 |
_aLondon _bWeatherall Green and Smith _c1985-86 |
||
| 300 | _a4 pt. ; 30cm. | ||
| 350 | _a0 | ||
| 650 | _aINDUSTRIAL PROPERTY | ||
| 650 | _aOFFICES | ||
| 650 | _aPROPERTY INDEXES | ||
| 650 | _aSHOPS | ||
| 942 | _n0 | ||
| 948 | _c04/03/1997 | ||
| 999 |
_c91334 _d91334 |
||